| 000 | 01126cam a2200313 a 4500 | ||
|---|---|---|---|
| 001 | 3381 | ||
| 003 | FISKH | ||
| 005 | 20240229153442.0 | ||
| 008 | 110203s2011 nyu d 000 1 eng | ||
| 010 | _a 2011001163 | ||
| 020 | _a9780803735026 (hardcover) | ||
| 040 |
_aDLC _cDLC _dDLC _beng |
||
| 042 |
_alcac _apcc |
||
| 050 | 0 | 0 |
_aPZ7.H14874 _bAw 2011 |
| 082 | 0 | 0 |
_a[Fic] _222 |
| 100 | 1 | _aHall, Teri. | |
| 245 | 1 | 0 |
_aAway / _cTeri Hall. |
| 260 |
_aNew York : _bDial Books, _c2011. |
||
| 300 |
_a234 pages ; _c22 cm. |
||
| 500 | _aSequel to: The line. | ||
| 520 | _aAfter helping heal Malgam, Rachel learns that her father is still living in the devastated territory of Away, captured by members of another clan who are planning to use him to make a deal with the government on the other side of the Line, and she joins the rescue party that must risk much to save him. | ||
| 650 | 1 | _aScience fiction. | |
| 650 | 1 |
_aRescues _vFiction. |
|
| 650 | 1 |
_aSurvival _vFiction. |
|
| 650 | 1 |
_aGovernment, Resistance to _vFiction. |
|
| 906 |
_a7 _bcbc _corignew _d1 _eecip _f20 _gy-gencatlg |
||
| 942 |
_2ddc _cBK _n0 |
||
| 999 |
_c3381 _d3381 |
||